Caza de Ratones en Países Aleatorios 2: ¡Ratonado! - Estadísticas

Estadísticas generales
  • Esta prueba ha sido intentada 6.671 veces
  • La puntuación promedio es 7 de 10
Respuestas en el mapa
Las respuestas están codificadas por una escala verde-roja en el mapa de la prueba según el % correcto abajo.
 
Estadísticas de respuestas
País % Correcto
Rusia
99%
China
98%
México
98%
Brasil
97%
Francia
97%
Canadá
96%
Estados Unidos
96%
Argentina
95%
India
95%
Australia
94%
Colombia
94%
España
94%
Perú
94%
Alemania
93%
Bolivia
93%
Ucrania
93%
Egipto
92%
Italia
92%
Argelia
91%
Chile
91%
Turquía
91%
Marruecos
90%
Suecia
90%
Venezuela
90%
Bielorrusia
89%
Reino Unido
89%
Paraguay
88%
República Democrática del Congo
88%
Sudáfrica
88%
Dinamarca
87%
Libia
87%
Somalia
87%
Mongolia
86%
Polonia
86%
Arabia Saudita
85%
Kazajistán
85%
Grecia
84%
Indonesia
84%
Panamá
84%
Irán
83%
Pakistán
83%
Sudán
83%
Japón
82%
Nicaragua
82%
Noruega
82%
Nigeria
81%
República Checa
81%
Serbia
81%
Uzbekistán
81%
Croacia
80%
Finlandia
79%
Yemen
79%
Austria
78%
Chad
78%
Mozambique
78%
Mali
77%
Níger
77%
Vietnam
77%
Afganistán
76%
Eslovaquia
76%
Guatemala
76%
Irak
76%
Mauritania
76%
Rumanía
76%
Suiza
76%
Bulgaria
75%
Guyana
75%
Kenia
75%
Letonia
75%
Namibia
75%
Tailandia
75%
Myanmar
74%
República Centroafricana
74%
Sudán del Sur
74%
Tanzania
74%
Ecuador
73%
Honduras
73%
Lituania
73%
Siria
73%
Cuba
72%
Filipinas
72%
Hungría
72%
Tayikistán
72%
Túnez
72%
Uruguay
72%
Angola
71%
Botsuana
71%
Madagascar
71%
Países Bajos
71%
Portugal
71%
Bahamas
70%
Bosnia y Herzegovina
70%
Costa Rica
70%
Etiopía
70%
Omán
70%
Turkmenistán
70%
Zambia
69%
Camerún
68%
Irlanda
68%
República del Congo
68%
Kirguistán
67%
Estados Federados de Micronesia
66%
Ghana
66%
Islandia
66%
Laos
66%
Nepal
66%
Malasia
64%
Papúa Nueva Guinea
64%
Zimbabue
64%
Corea del Sur
63%
Costa de Marfil
63%
Eslovenia
63%
Estonia
63%
Gabón
63%
Guinea
63%
Senegal
62%
Benín
61%
Camboya
61%
Azerbaiyán
60%
Burkina Faso
60%
Corea del Norte
60%
Surinam
60%
Georgia
59%
Jordania
59%
Albania
58%
Bangladés
58%
Kiribati
58%
Bélgica
57%
Nueva Zelanda
57%
Eritrea
56%
Uganda
56%
Moldavia
55%
Haití
54%
Macedonia del Norte
53%
Togo
53%
República Dominicana
52%
Emiratos Árabes Unidos
51%
Malaui
50%
Montenegro
50%
Maldivas
49%
Bután
48%
Islas Salomón
48%
Cabo Verde
46%
Liberia
45%
Armenia
44%
Islas Marshall
44%
Santo Tomé y Príncipe
44%
El Salvador
43%
Lesoto
43%
Fiyi
40%
Kosovo
40%
Sierra Leona
39%
Eswatini
38%
Guinea-Bissau
38%
Vanuatu
37%
Belice
36%
Israel
36%
Palaos
36%
Ruanda
35%
Nauru
34%
Sri Lanka
33%
Tuvalu
33%
Guinea Ecuatorial
32%
Taiwán
32%
Comoras
27%
Jamaica
27%
Seychelles
25%
Tonga
25%
Burundi
24%
Mauricio
23%
Chipre
22%
Samoa
18%
Catar
15%
Líbano
15%
Yibuti
15%
No se encontraron pruebas coincidentes
Distribución de puntuación
Porcentaje de gente con cada puntuación
Porcentaje por número respondido
Historial de tus puntuaciones
No has intentado esta prueba.